Statistics for Deserts by Satellite Image

Click here to take the quiz!

General Stats

  • This quiz has been taken 26 times
    (24 since last reset)
  • The average score is 9 of 16

Answer Stats

Answer% Correct
Sahara
100%
{Arabian} Desert
95%
Gobi
95%
Kalahari
95%
{Patagonian} Desert
77%
{Atacama} Desert
73%
{Great} Basin
68%
{Australian} Desert
59%
Namib
59%
{Syrian} Desert
45%
{Chihuahuan} Desert
36%
{Sonoran} Desert
36%
{Colorado} Plateau
32%
{Thar} Desert
23%
{Taklamakan} Desert
23%
{Karakum} Desert
18%

Score Distribution

Percentile by Number Answered

Percent of People with Each Score

Your Score History

You have not taken this quiz since the last reset